| 000 | ncm a22 a 4500 | ||
|---|---|---|---|
| 999 |
_c361890 _d361890 |
||
| 003 | BLK | ||
| 005 | 20200513165637.0 | ||
| 008 | 200513b bu ||||| |||| 00| 0 bu d | ||
| 040 | _aBLK | ||
| 041 |
_aRUS _cRUS |
||
| 080 |
_aМасови песни. Песни на отделни обществени групи _b784.66 _z784.66 |
||
| 139 |
_aКлубные вечера _bК 66 |
||
| 245 |
_aКлубные вечера _bСб. песен, хоров и инстументальных пьес для нар., акад. и естрадных исполнителей - участников худ. самодеятельности _cПод ред. А. Абрамский _nВып. 3 |
||
| 260 |
_9211488 _aМосква _bСов. композитор _c1960 - _n5-85285- |
||
| 300 | _c30 см | ||
| 380 | _a5 | ||
| 650 | 7 |
_9166108 _aПесни |
|
| 653 | 7 |
_9183593 _aвокална музика |
|
| 653 | 7 |
_9200268 _aхудожествена самодейност |
|
| 760 |
_aКлубные вечера _dМосква, 1961 _h150 с. _oВып. 3 |
||
| 852 |
_aЦб М ІІ 1793 _bЦб |
||
| 942 |
_2udc _cNOT _n0 _s1 |
||
| 944 |
_aCR _c2020-05-13 _kГГГ |
||